000 00569cam a22002053a 4500
001 39844
003 PGUSA
005 20140828083904.0
008 120529s2012||||xxu|||||s|||||000 | eng d
040 _aPGUSA
_beng
042 _adc
100 1 _aBlind, Mathilde,
_d1841-1896
245 1 4 _aThe Ascent of Man
_h[electronic resource] /
_cMathilde Blind
260 _bProject Gutenberg,
_c2012
506 _aPublic domain in the USA.
516 _aElectronic text
830 0 _aProject Gutenberg
_v39844
856 4 0 _uhttp://www.gutenberg.org/ebooks/39844
942 _cEB
999 _c269097
_d269097